000 00595cam a2200217 a 4500
001 4205233
005 20180222065955.0
008 810721s1981 nyua b 001 0 eng
010 _a 81002403
020 _a047027168X
040 _aDLC
_cDLC
_dDLC
041 _aeng
080 _a330.0922 SHAC
082 0 0 _a330.0922 SHAC
_219
100 _a52
101 _aEKO
245 0 0 _aTwelve contemporary economists /
_cedited by J.R. Shackleton and Gareth Locksley.
504 _aIncludes bibliographies and index.
906 _a7
_bcbc
_corignew
_d1
_eocip
_f19
_gy-gencatlg
942 _2ddc
_cBK
999 _c43180
_d43180